Educación para la solidaridad: rol del director de un colegio cristiano

Zapisane w:
Opis bibliograficzny
1. autor: Arnaiz, José María (Autor)
Format: Książka
Język:hiszpański
Wydane: Santiago Paulinas 1989
Seria:Colección Educación, 3
Hasła przedmiotowe:
Etykiety: Dodaj etykietę
Nie ma etykietki, Dołącz pierwszą etykiete!

MARC

LEADER 00000nam a2200000 a 4500
001 UCW4886
003 CL-VaPUC
008 900905e19890000CL |||||||||||||||||spa|d
082 0 4 |a 377  |b ARN  |2 21 
100 0 |a Arnaiz, José María  |e author  |9 309696 
245 1 0 |a Educación para la solidaridad: rol del director de un colegio cristiano 
300 |a 30 p 
942 |c BK 
945 |d 19900905 00:00:00 
260 |a Santiago  |b Paulinas  |c 1989 
650 7 |a EDUCACION CRISTIANA  |2 CL-VaPUC  |9 308333 
650 0 |a Educación religiosa   |9 308312 
650 7 |a SOLIDARIDAD ASPECTOS RELIGIOSOS  |2 CL-VaPUC  |9 309697 
650 0 |a Administradores escolares   |9 308344 
583 |a last modification  |c 19900905 00:00:00  |k Rodrigo Vera 
490 0 |a Colección Educación, 3 
999 |c 218470  |d 218468 
952 |0 0  |1 0  |4 0  |6 377_000000000000000_ARN_1989  |7 0  |8 P  |9 208102  |a BIBEDU  |b BIBEDU  |c BIBEDU_PB  |d 2019-11-15  |i 2759756  |o 377 ARN 1989  |p 2759756  |r 2024-01-25  |w 2019-11-15  |y BK  |k EDU 
952 |0 0  |1 0  |4 0  |6 377_000000000000000_ARN_1989  |7 0  |8 P  |9 208103  |a BIBEDU  |b BIBEDU  |c BIBEDU_PB  |d 2019-11-15  |i 2759764  |o 377 ARN 1989  |p 2759764  |r 2024-01-25  |w 2019-11-15  |y BK  |k EDU